[Event "DVM U20 2016"]
[Site "Borken-Gemen GER"]
[Date "2016.12.29"]
[Round "5"]
[White "Diyap, Murat"]
[Black "Austrup, David"]
[Result "1-0"]
[Termination "normal"]
[Board "7.2"]
[WhiteElo "2084"]
[BlackElo "1967"]
[WhiteTeam "Frankfurter TV"]
[BlackTeam "SK Münster"]
[PlyCount "115"]
[WhiteFideId "1272104"]
[BlackFideId "12996890"]
[EventCountry "GER"]
[EventRounds "7"]
[EventType "team-swiss"]
[EventDate "2016.12.26"]

1.e4 c5 2.Nf3 d6 3.Nc3 Nf6 4.d4 cxd4 5.Nxd4 g6 6.Be2 Bg7 7.Be3 O-O 8.Qd2 Nc6
9.Nb3 Ng4 10.Bxg4 Bxg4 11.Bh6 Rc8 12.f3 Be6 13.h4 Re8 14.Bxg7 Kxg7 15. h5 Rh8
16.h6+ Kg8 17.f4 f6 18.O-O-O Kf7 19.Nd4 Nxd4 20.Qxd4 Qa5 21.e5 dxe5 22.fxe5
Rhd8 23.Qf4 Rxd1+ 24.Rxd1 Rc4 25.Ne4 Rxe4 26.Qxe4 Qxa2 27.exf6 Qa1+ 28.Kd2 Qa5+
29.Kc1 Qa1+ 30.Kd2 Qa5+ 31.Ke3 Qg5+ 32.Qf4 Qc5+ 33.Kd2 exf6 34.Kc1 Qa5 35.Qd4
Qa1+ 36.Kd2 Qa5+ 37.Ke3 Qg5+ 38.Qf4 Qc5+ 39.Kd2 Qa5+ 40.b4 Qd5+ 41.Kc1 Qc6
42.Qb8 Qb6 43.Rd2 Qxb4 44.Qxa7 Qe4 45.Qb6 Qc6 46.Qxc6 bxc6 47.Rd6 g5 48.Rxc6
Bd5 49.Rc7+ Kg6 50.g3 Kxh6 51.c4 Be4 52.Kd2 Kg6 53.Ke3 f5 54.c5 Kf6 55.Rxh7 Ke5
56.Rh6 Bd5 57.c6 Be6 58.c7 1-0

[Event "DVM U20 2016"]
[Site "Borken-Gemen GER"]
[Date "2016.12.29"]
[Round "5"]
[White "Haberkamp, Carl"]
[Black "Engel, Jan"]
[Result "1-0"]
[Termination "normal"]
[Board "7.3"]
[WhiteElo "1919"]
[BlackElo "1882"]
[WhiteTeam "SK Münster"]
[BlackTeam "Frankfurter TV"]
[PlyCount "87"]
[WhiteFideId "12959766"]
[BlackFideId "12993557"]
[EventCountry "GER"]
[EventRounds "7"]
[EventType "team-swiss"]
[EventDate "2016.12.26"]

1.d4 d5 2.c4 c6 3.cxd5 cxd5 4.Nf3 Nf6 5.Nc3 Nc6 6.Bf4 Bf5 7.Qb3 Na5 8.Qa4+ Bd7
9.Qc2 Rc8 10.e3 Qb6 11.Ne5 Nc6 12.Nxd7 Nxd7 13.Nxd5 Qa5+ 14.Nc3 e5 15. Bxe5
Ncxe5 16.dxe5 Bb4 17.Rc1 O-O 18.e6 fxe6 19.Bd3 Qh5 20.O-O Bd6 21.h3 Qe5
22.Bxh7+ Kh8 23.g3 Qh5 24.Be4 Qxh3 25.Bg2 Qh6 26.Qd2 Ne5 27.Qe2 Rce8 28.Ne4 Bb8
29.Nd2 Re7 30.Nc4 Nf7 31.Rcd1 Ng5 32.Rd4 Kg8 33.Rh4 Qf6 34.f4 Nf7 35.Qh5 Qh6
36.Qg4 Qf6 37.Be4 Nh6 38.Qh3 b5 39.Na5 Ree8 40.g4 Qxb2 41. g5 Nf5 42.Bxf5 Rxf5
43.g6 Kf8 44.Nc6 1-0

[Event "DVM U20 2016"]
[Site "Borken-Gemen GER"]
[Date "2016.12.29"]
[Round "5"]
[White "Pham, Phuong-Bao"]
[Black "Kamp, Aaron"]
[Result "0-1"]
[Termination "normal"]
[Board "7.4"]
[WhiteElo "1840"]
[BlackElo "1742"]
[WhiteTeam "Frankfurter TV"]
[BlackTeam "SK Münster"]
[PlyCount "106"]
[WhiteFideId "12939196"]
[BlackFideId "16231120"]
[EventCountry "GER"]
[EventRounds "7"]
[EventType "team-swiss"]
[EventDate "2016.12.26"]

1.e4 c5 2.Nf3 d6 3.d4 cxd4 4.Nxd4 Nf6 5.Nc3 g6 6.Be3 Bg7 7.f3 O-O 8.Bc4 Nc6
9.Qd2 Bd7 10.h4 h5 11.O-O-O Rc8 12.Bb3 Nxd4 13.Bxd4 b5 14.g4 b4 15.Nd5 Nxd5
16.Bxg7 Kxg7 17.Bxd5 Qb6 18.gxh5 Ba4 19.b3 Bd7 20.h6+ Kh7 21.h5 e6 22.hxg6+
fxg6 23.Qg5 Qd8 24.Qxd8 Rcxd8 25.Bc4 Bc8 26.Rd3 Rfe8 27.Rhd1 Kxh6 28.Rxd6 Rxd6
29.Rxd6 Kg5 30.Kd2 Kf4 31.Be2 Ke5 32.Rc6 Kf4 33.c3 Rd8+ 34. Bd3 bxc3+ 35.Kxc3
Kxf3 36.Rc7 a6 37.Rg7 Ke3 38.Bc2 Rd6 39.Rxg6 Bb7 40.e5 Rc6+ 41.Kb2 Rxc2+
42.Kxc2 Be4+ 43.Kc3 Bxg6 44.Kc4 Ke4 45.Kc5 Kxe5 46.Kb6 Bd3 47.b4 Kd5 48.a4 e5
49.b5 Bxb5 50.axb5 axb5 51.Kxb5 Kd4 52.Kb4 Kd3 53. Kb3 e4 0-1

[Event "DVM U20 2016"]
[Site "Borken-Gemen GER"]
[Date "2016.12.29"]
[Round "5"]
[White "Werle, Joshua"]
[Black "Hungeling, David"]
[Result "1/2-1/2"]
[Termination "normal"]
[Board "7.6"]
[WhiteElo "1800"]
[BlackElo "1513"]
[WhiteTeam "Frankfurter TV"]
[BlackTeam "SK Münster"]
[PlyCount "134"]
[WhiteFideId "12973890"]
[BlackFideId "16222440"]
[EventCountry "GER"]
[EventRounds "7"]
[EventType "team-swiss"]
[EventDate "2016.12.26"]

1.d4 e6 2.c4 d5 3.Nf3 Nf6 4.g3 Bb4+ 5.Bd2 Be7 6.Bg2 O-O 7.O-O c6 8.Qc2 b6 9.Bf4
Nbd7 10.Nbd2 Ba6 11.Rfe1 Re8 12.Rac1 Qc8 13.e4 h6 14.cxd5 cxd5 15. Qa4 b5
16.Rxc8 bxa4 17.Rxe8+ Rxe8 18.e5 Nh7 19.Rc1 Rc8 20.Rxc8+ Bxc8 21. Bf1 Nb6
22.Nb1 Bd7 23.Bd2 f6 24.h4 Bc6 25.exf6 Nxf6 26.Ne5 Be8 27.Bh3 Bf7 28.Nc6 Nc8
29.Nxe7+ Nxe7 30.Nc3 Nc6 31.Be3 a3 32.b3 Nb4 33.Nb5 Nxa2 34. Nxa3 Nb4 35.Nb5
Nc6 36.f4 Ne8 37.Nc3 Nc7 38.Na4 Nb5 39.Nc5 Nbxd4 40.Kf2 Nf5 41.Bxf5 exf5 42.Bd2
Kf8 43.Nd7+ Ke7 44.Ne5 Nxe5 45.fxe5 d4 46.b4 Ke6 47.Bf4 Kd5 48.Ke2 Kc4 49.Bc1
Kxb4 50.Kd3 Kc5 51.Ba3+ Kd5 52.Bb2 Bg6 53. Bxd4 f4+ 54.Kc3 fxg3 55.e6 g2
56.Bxa7 Kxe6 57.Kd2 Kf5 58.Ke1 Kg4 59.Kf2 Be4 60.Bd4 g6 61.Bf6 Kh3 62.Kg1 Kg4
63.Be7 g5 64.hxg5 h5 65.g6 Bxg6 66. Kxg2 h4 67.Bxh4 Kxh4 1/2-1/2

[Event "DVM U20 2016"]
[Site "Borken-Gemen GER"]
[Date "2016.12.29"]
[Round "5"]
[White "Kieslich, Aaron"]
[Black "Pixa, Richard"]
[Result "0-1"]
[Termination "normal"]
[Board "8.1"]
[WhiteElo "2062"]
[BlackElo "2080"]
[WhiteTeam "TuS Coswig"]
[BlackTeam "SV Mattnetz Berlin"]
[PlyCount "92"]
[WhiteFideId "1270391"]
[BlackFideId "4626095"]
[EventCountry "GER"]
[EventRounds "7"]
[EventType "team-swiss"]
[EventDate "2016.12.26"]

1.d4 d5 2.c4 e6 3.Nc3 c6 4.e3 Nd7 5.Nf3 Ngf6 6.Qc2 Be7 7.b3 O-O 8.Be2 a6 9.a4
Qc7 10.O-O dxc4 11.Bxc4 Rb8 12.Bb2 b5 13.axb5 cxb5 14.Bd3 Bb7 15.Qe2 Rfc8
16.Rac1 Qb6 17.e4 Bd8 18.e5 Nd5 19.Ne4 Nf4 20.Qd2 Nxd3 21.Qxd3 Be7 22.Neg5 Nf8
23.Rxc8 Rxc8 24.Rc1 Rxc1+ 25.Bxc1 Qc6 26.Bd2 h6 27.Nh3 Nd7 28. Nf4 Nb6 29.Ne1
Nd5 30.Qg3 Nxf4 31.Bxf4 Kf8 32.Qd3 Qe4 33.Qxe4 Bxe4 34.Bd2 b4 35.Kf1 a5 36.Ke2
Bd5 37.g3 Bxb3 38.Nd3 Bc4 39.Ke3 Bxd3 40.Kxd3 a4 41. Kc4 a3 42.Kb3 Ke8 43.g4
Kd7 44.Bc1 Kc6 45.Kc4 Bg5 46.f4 Bxf4 0-1

[Event "DVM U20 2016"]
[Site "Borken-Gemen GER"]
[Date "2016.12.29"]
[Round "5"]
[White "Doering, Andre Patrick"]
[Black "Kunath, Tim"]
[Result "1-0"]
[Termination "time forfeit"]
[Board "8.2"]
[WhiteElo "1806"]
[BlackElo "1893"]
[WhiteTeam "SV Mattnetz Berlin"]
[BlackTeam "TuS Coswig"]
[PlyCount "71"]
[WhiteFideId "4697480"]
[BlackFideId "12985074"]
[EventCountry "GER"]
[EventRounds "7"]
[EventType "team-swiss"]
[EventDate "2016.12.26"]

1.d4 Nf6 2.c4 e6 3.Nc3 Bb4 4.Qc2 d5 5.e3 O-O 6.Nf3 b6 7.cxd5 exd5 8.a3 Bxc3+
9.bxc3 c5 10.g3 Nbd7 11.Be2 Bb7 12.O-O Rc8 13.Qd1 Ne4 14.Bb2 c4 15. Re1 Re8
16.Bf1 Rc7 17.Bg2 Bc8 18.Nd2 Nxd2 19.Qxd2 Nf6 20.Qc2 Rce7 21.a4 g6 22.Ba3 Re6
23.Rab1 Bd7 24.h3 h5 25.Re2 Ne4 26.Bf3 Rf6 27.Bxe4 Rxe4 28.Kg2 Qe8 29.a5 Qe6
30.Rh1 Qf5 31.f4 Rxe3 32.Qxf5 Rxe2+ 33.Kf3 Rxf5 34.Kxe2 bxa5 35.Be7 h4 36.Bxh4
{Zeitüberschreitung} 1-0

[Event "DVM U20 2016"]
[Site "Borken-Gemen GER"]
[Date "2016.12.29"]
[Round "5"]
[White "von Koslowski, Utz"]
[Black "Bui, Bao Anh Le"]
[Result "1-0"]
[Termination "normal"]
[Board "8.3"]
[WhiteElo "1965"]
[BlackElo "1763"]
[WhiteTeam "TuS Coswig"]
[BlackTeam "SV Mattnetz Berlin"]
[PlyCount "65"]
[WhiteFideId "12964247"]
[BlackFideId "12970719"]
[EventCountry "GER"]
[EventRounds "7"]
[EventType "team-swiss"]
[EventDate "2016.12.26"]

1.Nf3 d5 2.d4 e6 3.g3 Nf6 4.Bg2 c5 5.e3 Nc6 6.O-O Be7 7.b3 O-O 8.Bb2 Rb8 9.Nc3
Qc7 10.dxc5 Bxc5 11.Rc1 b5 12.a4 a6 13.Qe2 b4 14.Nb1 Ne4 15.c4 bxc3 16.Nxc3
Nxc3 17.Rxc3 Bb4 18.Rc2 Qb7 19.Rfc1 Bd7 20.Ne5 Rbc8 21.Nxd7 Qxd7 22.Qxa6 Ne7
23.Rxc8 Rxc8 24.Rxc8+ Qxc8 25.Qb5 Bd6 26.e4 dxe4 27.Bxe4 f5 28.Bb7 Qd8 29.a5
Nc8 30.Qc4 Na7 31.Qxe6+ Kh8 32.Bd5 f4 33.Qf7 1-0

[Event "DVM U20 2016"]
[Site "Borken-Gemen GER"]
[Date "2016.12.29"]
[Round "5"]
[White "Klodt, Daniel"]
[Black "von Koslowski, Wilhelm"]
[Result "1/2-1/2"]
[Termination "normal"]
[Board "8.4"]
[WhiteElo "1741"]
[BlackElo "1509"]
[WhiteTeam "SV Mattnetz Berlin"]
[BlackTeam "TuS Coswig"]
[PlyCount "154"]
[WhiteFideId "12938068"]
[BlackFideId "12985147"]
[EventCountry "GER"]
[EventRounds "7"]
[EventType "team-swiss"]
[EventDate "2016.12.26"]

1.e4 c6 2.d4 d5 3.exd5 cxd5 4.Bd3 Nc6 5.c3 Nf6 6.Nf3 Bg4 7.O-O e6 8.Bg5 Be7
9.Nbd2 O-O 10.Re1 a6 11.a4 Qc7 12.Qc2 h6 13.Bh4 Rfc8 14.Qb1 Bxf3 15. Nxf3 Na5
16.Qd1 Nc4 17.Qe2 Nh5 18.Bxc4 Nf4 19.Qd2 Bxh4 20.Bf1 Ng6 21.Bd3 Bf6 22.Bxg6
fxg6 23.Rxe6 Qd7 24.Ree1 Re8 25.Ne5 Qf5 26.Nf3 Re4 27.Rxe4 dxe4 28.Ne1 Bg5
29.Qe2 Rf8 30.Nc2 Bh4 31.Rf1 Bd8 32.Ne3 Qa5 33.Qc2 Re8 34. Ra1 Kh7 35.Nc4 Qd5
36.Ne3 Qd6 37.Re1 Bc7 38.Nf1 Qf4 39.Qd2 Qh4 40.g3 Qf6 41.Re3 Qg5 42.Qe2 Qa5
43.Rxe4 Rxe4 44.Qxe4 b5 45.axb5 axb5 46.Qc2 Qb6 47. Ne3 Qe6 48.c4 bxc4 49.Qxc4
Qd7 50.b4 Bb6 51.Nc2 Qf5 52.Qc6 Qd3 53.Qxb6 Qxc2 54.Qb7 Qd1+ 55.Kg2 Qxd4 56.b5
h5 57.h4 g5 58.hxg5 Qg4 59.f3 Qxg5 60. Qe4+ Kh8 61.Qe8+ Kh7 62.Qe4+ Kh8 63.b6
Qd2+ 64.Kh3 Qd7+ 65.g4 hxg4+ 66. Qxg4 Qb7 67.Qh4+ Kg8 68.Qd8+ Kh7 69.Kg3 Qc6
70.Qh4+ Kg8 71.Qd8+ Kh7 72.Qc7 Qg6+ 73.Kf2 Qd3 74.Kg3 Qd1 75.Kf4 Qd4+ 76.Kg3
Qg1+ 77.Kf4 Qd4+ 1/2-1/2

[Event "DVM U20 2016"]
[Site "Borken-Gemen GER"]
[Date "2016.12.29"]
[Round "5"]
[White "Lehne, Arwin Hugo"]
[Black "Schauties, Nico Antonio"]
[Result "1-0"]
[Termination "normal"]
[Board "8.5"]
[WhiteElo "1457"]
[BlackElo "1641"]
[WhiteTeam "TuS Coswig"]
[BlackTeam "SV Mattnetz Berlin"]
[PlyCount "125"]
[WhiteFideId "12985090"]
[BlackFideId "16206371"]
[EventCountry "GER"]
[EventRounds "7"]
[EventType "team-swiss"]
[EventDate "2016.12.26"]

1.d4 d5 2.Nf3 e6 3.Bf4 c5 4.e3 a6 5.c4 Nc6 6.cxd5 exd5 7.dxc5 Bxc5 8.Nc3 Nf6
9.Be2 Bf5 10.O-O O-O 11.Bg5 d4 12.exd4 Nxd4 13.Nxd4 Bxd4 14.Qb3 Be6 15.Bc4 Bxc4
16.Qxc4 Rc8 17.Qb3 h6 18.Bxf6 Qxf6 19.Nd5 Qd6 20.Rad1 Qc5 21. Rxd4 Qxd4 22.Ne7+
Kh7 23.Nxc8 Rxc8 24.Qxf7 Qe4 25.h3 Rc2 26.Qb3 b5 27.Qa3 Qg6 28.Qb3 Qe4 29.Qa3
Qe2 30.Qxa6 Rxb2 31.a3 Ra2 32.Qd6 Rd2 33.Qb4 Rb2 34. Qc3 Rc2 35.Qb4 Ra2 36.Qb3
Qd2 37.Qxb5 Rb2 38.Qf5+ Kg8 39.Ra1 Rc2 40.Qe6+ Kh7 41.Qe4+ Kg8 42.a4 Qxf2+
43.Kh1 Re2 44.Qd5+ Kh7 45.a5 Re7 46.Qd3+ Kg8 47.Qd8+ Kf7 48.Qd5+ Kf8 49.Qf3+
Qxf3 50.gxf3 Ra7 51.a6 Kf7 52.Kg2 Kf6 53. f4 g6 54.Kf3 Ke6 55.Ke4 Kf6 56.Kd5
Kf5 57.Ra4 g5 58.fxg5 hxg5 59.Kc6 Kf6 60.Kb6 Re7 61.a7 Re6+ 62.Kc7 Re7+ 63.Kd8
1-0

[Event "DVM U20 2016"]
[Site "Borken-Gemen GER"]
[Date "2016.12.29"]
[Round "5"]
[White "Pixa, Ulrich"]
[Black "Mallon, Frederik"]
[Result "1/2-1/2"]
[Termination "normal"]
[Board "8.6"]
[WhiteElo "1613"]
[BlackElo "1427"]
[WhiteTeam "SV Mattnetz Berlin"]
[BlackTeam "TuS Coswig"]
[PlyCount "101"]
[WhiteFideId "4697723"]
[BlackFideId "12985104"]
[EventCountry "GER"]
[EventRounds "7"]
[EventType "team-swiss"]
[EventDate "2016.12.26"]

1.e4 c5 2.Nf3 e6 3.d4 cxd4 4.Nxd4 Nf6 5.Nc3 Bb4 6.Bd3 d5 7.exd5 Nxd5 8.Bd2 O-O
9.Nxd5 Bxd2+ 10.Qxd2 Qxd5 11.O-O Nc6 12.Nxc6 Qxc6 13.Rfe1 f5 14.Qe2 Bd7 15.Rad1
Rad8 16.Bc4 b5 17.Rxd7 Qxc4 18.Qxc4 bxc4 19.Red1 Rxd7 20.Rxd7 Rb8 21.b3 a5
22.Rc7 cxb3 23.cxb3 a4 24.Rc3 Kf7 25.f4 axb3 26.axb3 Kf6 27. Kf2 Rb4 28.g3 h6
29.Ke2 g5 30.Ke3 Re4+ 31.Kf3 g4+ 32.Kf2 Rb4 33.Re3 Rd4 34.Ke2 Ke7 35.Rd3 Rb4
36.Kd2 Rb6 37.Kc3 Rc6+ 38.Kb2 Rb6 39.Rd4 e5 40.fxe5 Rb5 41.Rd6 h5 42.Rh6 Rxe5
43.Rxh5 Kd6 44.Kc3 Rc5+ 45.Kb4 Re5 46.Ka4 Kc5 47.b4+ Kc4 48.Rh8 Re2 49.Rc8+ Kd5
50.Rd8+ Kc4 51.Rc8+ 1/2-1/2